A proposed strategy for the multi-lateral recognition of national cultural property: export controls (Record no. 72491)
[ view plain ]
| 000 -LEADER | |
|---|---|
| fixed length control field | 01257cam a2200229 4500 |
| 001 - CONTROL NUMBER | |
| control field | ABS66567 |
| 008 - FIXED-LENGTH DATA ELEMENTS--GENERAL INFORMATION | |
| fixed length control field | 030414n2003 000 0 eng u |
| 035 ## - SYSTEM CONTROL NUMBER | |
| System control number | (Sirsi) u121983 |
| 100 ## - MAIN ENTRY--PERSONAL NAME | |
| Personal name | Paterson, R. |
| 245 #2 - TITLE STATEMENT | |
| Title | A proposed strategy for the multi-lateral recognition of national cultural property: export controls |
| 260 ## - PUBLICATION, DISTRIBUTION, ETC. | |
| Date of publication, distribution, etc. | 2003 |
| 490 ## - SERIES STATEMENT | |
| Series statement | Art Antiquity and Law |
| Volume/sequential designation | 8(1) March 2003, 57-62(6) |
| 520 ## - SUMMARY, ETC. | |
| Summary, etc. | Discusses the evolution towards the multi-lateral recognition of national cultural property and export controls. Considers the pros and cons of export controls highlighting the problem of enforcing such controls. International agreements such as the UNESCO Convention on Cultural Property 1970 and UNIDROIT Convention on Stolen or Illegally Exported Cultural Objects 1995 help to resolve legal and practical problems of controlling exports. |
| 590 ## - LOCAL NOTE (RLIN) | |
| Local note | ABS |
| 650 ## - SUBJECT ADDED ENTRY--TOPICAL TERM | |
| Topical term or geographic name entry element | CULTURAL PROPERTY |
| 650 ## - SUBJECT ADDED ENTRY--TOPICAL TERM | |
| Topical term or geographic name entry element | EXPORT CONTROLS |
| 650 ## - SUBJECT ADDED ENTRY--TOPICAL TERM | |
| Topical term or geographic name entry element | WORKS OF ART |
| 650 ## - SUBJECT ADDED ENTRY--TOPICAL TERM | |
| Topical term or geographic name entry element | CONVENTION ON THE MEANS OF PROHIBITING AND PREVENTION OF THE ILLICIT IMPORT, EXPORT AND TRANSFER OF OWNERSHIP OF CULTURAL PROPERTY 1970 |
| 650 ## - SUBJECT ADDED ENTRY--TOPICAL TERM | |
| Topical term or geographic name entry element | CONVENTION ON STOLEN OR ILLEGALLY EXPORTED CULTURAL OBJECTS 1995 |
| 690 ## - LOCAL SUBJECT ADDED ENTRY--TOPICAL TERM (OCLC, RLIN) | |
| Topical term or geographic name as entry element | Arts and antiques |
| 9 (RLIN) | 6217 |
| 942 ## - ADDED ENTRY ELEMENTS (KOHA) | |
| Suppress in OPAC | 0 |
| Withdrawn status | Lost status | Source of classification or shelving scheme | Damaged status | Not for loan | Home library | Current library | Shelving location | Date acquired | Total Checkouts | Full call number | Barcode | Date last seen | Copy number | Price effective from | Koha item type |
|---|---|---|---|---|---|---|---|---|---|---|---|---|---|---|---|
| Dewey Decimal Classification | London | London | Journal article | 14/04/2003 | ABS66567 | 121983-1001 | 06/08/2019 | 1 | 06/08/2019 | Journal article |